Geografia świata 1 - stolice europy - Statystyki

Ogólne statystyki
  • Ten quiz został rozwiązany 19 razy
  • Średni wynik to 34 z 44
Statystyki odpowiedzi
Hint Odpowiedź % Poprawnych
Niemcy Berlin
94%
Ukraina Kijów
94%
Wielka brytania Londyn
94%
Hiszpania Madryt
94%
Rosja Moskwa
94%
Francja Paryż
94%
Włochy Rzym
94%
Polska Warszawa
94%
Holandia Amsterdam
88%
Grecja Ateny
88%
Słowacja Bratysława
88%
Belgia Bruksela
88%
Węgry Budapeszt
88%
Rumunia Bukareszt
88%
Irlandia Dublin
88%
Finlandia Helsinki
88%
Norwegia Oslo
88%
Czechy Praga
88%
Łotwa Ryga
88%
Bułgaria Sofia
88%
Szwecja Sztokholm
88%
Austria Wiedeń
88%
Litwa Wilno
88%
Chorwacja Zagrzeb
88%
Dania Kopenhaga
82%
Portugalia Lizbona
82%
Białoruś Mińsk
82%
Liechtenstein Vaduz
82%
Luksemburg Luksemburg
76%
Monako Monako
76%
San marino San marino
76%
Watykan Watykan
76%
Serbia Belgrad
71%
Bośnia i Hercegowina Sarajewo
71%
Albania Tirana
71%
Szwajcaria Berno
65%
Cypr Nikozja
59%
Estonia Talinn
59%
Czarnogóra Podgorica
47%
Kosowo Prisztina
47%
Islandia Rejkjawik
41%
Macedonia północna Skopie
24%
Andora Andora La Vella
6%
Słowenia Ljubliana
6%
Nie znaleziono quizów pasujących do podanych kryteriów
Rozkład punktacji
Procent ludzi z każdym wynikiem
Percentyl według liczby udzielonych odpowiedzi
Twoja historia wyników
Nie rozwiązałeś tego quizu